000 00841nab a2200253 u 4500
001 15191
003 HDC
007 cr bn ---aaaaa
008 210217c mydr|nes 0 a may d
040 _aHDC
100 _aSiti Nurazlinee Azmi
_eauthor
_98263
245 0 _aDaripada penjual burger kepada pengusaha gimnasium /
_cby Siti Nurazlinee Azmi
260 _aMalaysia:
_bBerita Harian,
_c2015
336 _atext
_2rdacontent
337 _acomputer
_2rdamedia
338 _aonline resource
_2rdacarrier
650 _aentrepreneur
_91863
650 _agymnasium
_915475
710 _aBerita Harian
856 _zRequest full-text at [email protected]
942 _2lcc
942 _cNEWS
942 _kNSWC 004822
999 _c12507
_d12507